00317pab a2200133 454500008004000000100001900040245004100059260000900100300001300109362000800122650002200130650001500152773001600167180718b2015 xxu||||| |||| 00| 0 eng d aTripathy, K.K. aWhat it offers for rural employment? c2015 ap.17-20. aApr aRural development aEmployment aKurukshetra